| 000 | 02073nam a2200409 a 4500 | ||
|---|---|---|---|
| 001 | ebr10475969 | ||
| 003 | CaPaEBR | ||
| 006 | m u | ||
| 007 | cr cn||||||||| | ||
| 008 | 090616s2009 vaua sb 101 0 eng d | ||
| 010 | _z 2009022667 | ||
| 020 | _z0784410496 | ||
| 020 | _z9780784410493 | ||
| 020 | _z9780784472965 (e-book) | ||
| 040 |
_aCaPaEBR _cCaPaEBR |
||
| 035 | _a(OCoLC)742513453 | ||
| 050 | 1 | 4 |
_aTE210.4 _b.S56 2009eb |
| 082 | 0 | 4 |
_a624.1/51363 _222 |
| 245 | 0 | 0 |
_aSlope stability, retaining walls, and foundations _h[electronic resource] : _bselected papers from the 2009 GeoHunan International Conference, August 3-6, 2009, Changsha, Hunan, China / _chosted by Changsha University of Science and Technology, China ; co-sponsored by ASCE Geo-Institute, USA ... [et al.] ; edited by Louis Ge ... [et al.]. |
| 260 |
_aReston, Va. : _bAmerican Society of Civil Engineers, _cc2009. |
||
| 300 |
_axi, 252 p. : _bill. (some col.). |
||
| 490 | 1 |
_aGeotechnical special publication ; _vno. 197 |
|
| 504 | _aIncludes bibliographical references and indexes. | ||
| 533 |
_aElectronic reproduction. _bPalo Alto, Calif. : _cebrary, _d2013. _nAvailable via World Wide Web. _nAccess may be limited to ebrary affiliated libraries. |
||
| 650 | 0 |
_aSoil stabilization _vCongresses. |
|
| 650 | 0 |
_aSlopes (Soil mechanics) _xStability _vCongresses. |
|
| 650 | 0 |
_aRetaining walls _xDesign and construction _vCongresses. |
|
| 650 | 0 |
_aFoundations _xDesign and construction _vCongresses. |
|
| 655 | 7 |
_aElectronic books. _2local |
|
| 700 | 1 | _aGe, Louis. | |
| 710 | 2 | _aChangsha li gong da xue. | |
| 710 | 2 |
_aAmerican Society of Civil Engineers. _bGeo-Institute. |
|
| 710 | 2 | _aebrary, Inc. | |
| 711 | 2 |
_aGeoHunan International Conference on Challenges and Recent Advances in Pavement Technologies and Transportation Geotechnics _d(2009 : _cChangsha, Hunan Sheng, China) |
|
| 830 | 0 |
_aGeotechnical special publication ; _vno. 197. |
|
| 856 | 4 | 0 |
_uhttp://site.ebrary.com/lib/rucke/Doc?id=10475969 _zAn electronic book accessible through the World Wide Web; click to view |
| 999 |
_c216085 _d216085 |
||